| 000 | 00383nam a2200133Ia 4500 | ||
|---|---|---|---|
| 005 | 20260328104318.0 | ||
| 008 | 260328s9999||||xx |||||||||||||| ||und|| | ||
| 100 | _aGranet, Keith | ||
| 245 | 4 |
_aThe business of Design balancing creativity and profitability / _cKeith Granet |
|
| 260 | _bPrinceton Architectural Press | ||
| 300 | _a208 p. | ||
| 650 | _aDISEÑO GRÁFICO | ||
| 942 | _cBK | ||
| 999 |
_c11261 _d11261 |
||